[Event "Helsingor Xtracon op"]
[Site "Helsingor"]
[Date "2017.07.24"]
[Round "4"]
[White "Hestholm, Sverre"]
[Black "Rendlev, Niels Moller"]
[Result "0-1"]
[WhiteElo "1531"]
[BlackElo "1756"]
[PlyCount "90"]
[EventDate "2017.07.22"]
[EventType "swiss"]
[EventRounds "10"]
[EventCountry "DEN"]
[SourceTitle "CBM 179 Extra"]
[Source "ChessBase"]
[SourceDate "2017.08.23"]
[SourceVersion "1"]
[SourceVersionDate "2017.08.23"]
[SourceQuality "1"]

1. e4 e6 2. d4 d5 3. Nc3 Nf6 4. Bg5 Be7 5. e5 Nfd7 6. h4 c5 7. f4 a6 8. Nf3 Nc6 9. Qd2 h6 10. Bxe7 Qxe7 11. g4 cxd4 12. Nxd4 Nc5 13. 0-0-0 Nxd4 14. Qxd4 Bd7 15. f5 Bc6 16. Bg2 0-0-0 17. Kb1 Kb8 18. Qb4 Rhe8 19. Rhe1 Nd7 20. Qxe7 Rxe7 21. fxe6 fxe6 22. Re2 Rf8 23. Rf1 Rxf1+ 24. Bxf1 Rf7 25. Bh3 g5 26. hxg5 hxg5 27. Nd1 Bb5 28. Rf2 Rxf2 29. Nxf2 Nxe5 30. b3 Kc7 31. Kc1 Bc6 32. Nd3 Nxd3+ 33. cxd3 e5 34. Kd2 d4 35. Bf1 Bd5 36. Be2 a5 37. Kc2 Kd6 38. a3 Kc5 39. Bf1 Bf3 40. Bh3 b6 41. Kd2 Kd5 42. Ke1 Kc5 43. Kd2 b5 44. Ke1 b4 45. a4 Bd5 0-1

[Event "Sandnes CC-ch B"]
[Site "Sandnes"]
[Date "2017.05.02"]
[Round "7"]
[White "Hestholm, Sverre"]
[Black "Eliseev, Sergey1111"]
[Result "0-1"]
[WhiteElo "1506"]
[BlackElo "1263"]
[PlyCount "70"]
[EventDate "2017.02.07"]
[EventType "swiss"]
[EventRounds "7"]
[EventCountry "NOR"]
[SourceTitle "EXT 2024"]
[Source "ChessBase"]
[SourceDate "2023.10.10"]
[SourceVersion "1"]
[SourceVersionDate "2023.10.10"]
[SourceQuality "1"]

1. e4 c5 2. Nf3 d6 3. d4 cxd4 4. Nxd4 Nf6 5. Nc3 a6 6. Bg5 e6 7. f4 Be7 8. Qf3 0-0 9. 0-0-0 Qc7 10. Kb1 b5 11. Bd3 Bb7 12. g4 Nbd7 13. Nce2 Nc5 14. Bxf6 Bxf6 15. g5 Be7 16. f5 e5 17. f6 exd4 18. Qh5 Ne6 19. e5 g6 20. Qh6 dxe5 21. Nf4 exf4 22. Rhe1 Rfe8 23. Bxg6 hxg6 24. Rd3 f3 25. Rf1 Bf8 26. Qh4 Qf4 27. Qf2 Qxg5 28. Rg1 Qxf6 29. Qg3 f2 30. Rf1 Nf4 31. Rdd1 Re1 32. Rdxe1 fxe1Q+ 33. Qxe1 Ng2 34. Qe2 Qe6 35. Qd3 Re8 0-1

[Event "Sandnes CC-ch B"]
[Site "Sandnes"]
[Date "2017.04.18"]
[Round "6"]
[White "Larsen, Roald B"]
[Black "Hestholm, Sverre"]
[Result "1-0"]
[WhiteElo "1644"]
[BlackElo "1506"]
[PlyCount "37"]
[EventDate "2017.02.07"]
[EventType "swiss"]
[EventRounds "7"]
[EventCountry "NOR"]
[SourceTitle "EXT 2024"]
[Source "ChessBase"]
[SourceDate "2023.10.10"]
[SourceVersion "1"]
[SourceVersionDate "2023.10.10"]
[SourceQuality "1"]

1. c4 e6 2. Nc3 Nf6 3. e4 e5 4. d4 Bb4 5. a3 Bxc3+ 6. bxc3 exd4 7. e5 Qe7 8. cxd4 d5 9. Bg5 Nbd7 10. Be2 Nxe5 11. dxe5 Qxe5 12. Nf3 Qd6 13. Bxf6 Qxf6 14. cxd5 0-0 15. 0-0 Bf5 16. Qb3 b6 17. Rac1 Qd6 18. Rc6 Qe7 19. Nd4 1-0

[Event "Sandnes CC-ch B"]
[Site "Sandnes"]
[Date "2017.02.14"]
[Round "2"]
[White "Hestholm, Sverre"]
[Black "Jakobsen, Per Arvid"]
[Result "1/2-1/2"]
[WhiteElo "1506"]
[BlackElo "1501"]
[PlyCount "85"]
[EventDate "2017.02.07"]
[EventType "swiss"]
[EventRounds "7"]
[EventCountry "NOR"]
[SourceTitle "EXT 2024"]
[Source "ChessBase"]
[SourceDate "2023.10.10"]
[SourceVersion "1"]
[SourceVersionDate "2023.10.10"]
[SourceQuality "1"]

1. e4 e5 2. Nf3 Nc6 3. Bc4 Bc5 4. b4 Bxb4 5. c3 Bc5 6. d4 exd4 7. 0-0 h6 8. cxd4 Bb6 9. a4 Na5 10. Bxf7+ Kxf7 11. Ne5+ Kf8 12. Ng6+ Ke8 13. Nxh8 Qf6 14. Qh5+ Kd8 15. e5 Qe6 16. Ba3 d6 17. exd6 Bxd4 18. dxc7+ Kxc7 19. Qxa5+ b6 20. Qb4 Bxa1 21. Re1 Be5 22. Qe4 Bxh2+ 23. Kxh2 Qxe4 24. Rxe4 Bf5 25. Re1 Nf6 26. Nf7 Re8 27. Rxe8 Nxe8 28. Nc3 Be6 29. Ne5 a6 30. Kg3 Nf6 31. Bf8 Bd7 32. Nxd7 Kxd7 33. Bxg7 Nh5+ 34. Kg4 Nxg7 35. f4 Ke6 36. Kf3 h5 37. Ke4 Nf5 38. Nd5 Nd6+ 39. Kd4 Nf5+ 40. Kc4 Nd6+ 41. Kd4 Nf5+ 42. Ke4 Nd6+ 43. Kd4 1/2-1/2

[Event "Helsingor Xtracon op"]
[Site "Helsingor"]
[Date "2016.07.24"]
[Round "3"]
[White "Hestholm, Sverre"]
[Black "Huse, Sigurd Kjelsbol"]
[Result "0-1"]
[WhiteElo "1418"]
[BlackElo "1963"]
[PlyCount "88"]
[EventDate "2016.07.23"]
[EventType "swiss"]
[EventRounds "10"]
[EventCountry "DEN"]
[SourceTitle "CBM 173 Extra"]
[Source "ChessBase"]
[SourceDate "2016.08.29"]
[SourceVersion "1"]
[SourceVersionDate "2016.08.29"]
[SourceQuality "1"]

1. e4 e5 2. Nf3 Nf6 3. Nxe5 d6 4. Nf3 Nxe4 5. Qe2 Qe7 6. d3 Nf6 7. Bg5 Nbd7 8. Nc3 h6 9. Bh4 Qxe2+ 10. Bxe2 c6 11. 0-0-0 Be7 12. Rhe1 0-0 13. d4 d5 14. Ne5 Bd6 15. Nxd7 Bxd7 16. Bxf6 gxf6 17. a3 Rfe8 18. Bd3 Kf8 19. h3 Re6 20. Re2 Bf4+ 21. Kb1 Rae8 22. g3 Bc7 23. h4 Bb6 24. Rxe6 Bxe6 25. Be2 Bf5 26. Bh5 Bc7 27. Kc1 Kg7 28. Rd2 Bg6 29. Bxg6 fxg6 30. Re2 Rxe2 31. Nxe2 f5 32. Kd2 Kf6 33. Ke3 Bd6 34. Nc1 c5 35. c3 c4 36. Ne2 g5 37. hxg5+ Kxg5 38. Kf3 b5 39. Ke3 Kg4 40. f4 h5 41. Kf2 Be7 42. Kg2 h4 43. Kf2 hxg3+ 44. Nxg3 Bh4 0-1

[Event "Helsingor Xtracon op"]
[Site "Helsingor"]
[Date "2016.07.23"]
[Round "1"]
[White "Hestholm, Sverre"]
[Black "Kyrkjebo, Hannah Bakken"]
[Result "0-1"]
[WhiteElo "1418"]
[BlackElo "1987"]
[PlyCount "46"]
[EventDate "2016.07.23"]
[EventType "swiss"]
[EventRounds "10"]
[EventCountry "DEN"]
[SourceTitle "CBM 173 Extra"]
[Source "ChessBase"]
[SourceDate "2016.08.29"]
[SourceVersion "1"]
[SourceVersionDate "2016.08.29"]
[SourceQuality "1"]

1. e4 e5 2. Nf3 Nc6 3. Bc4 Bc5 4. b4 Bxb4 5. c3 Ba5 6. d4 exd4 7. 0-0 Bb6 8. Qb3 Na5 9. Qa4 Nxc4 10. Qxc4 d6 11. Ng5 Qf6 12. f4 dxc3+ 13. Kh1 Be6 14. Nxe6 Qxe6 15. Qxc3 Nf6 16. e5 dxe5 17. Re1 0-0-0 18. Bb2 Ng4 19. h3 Nf2+ 20. Kh2 Rd3 21. Rxe5 Qd7 22. Qc4 Rxh3+ 23. Kg1 Rh1# 0-1

[Event "Stavanger GP B"]
[Site "Stavanger"]
[Date "2016.04.24"]
[Round "4"]
[White "Shehzad, Alisha"]
[Black "Hestholm, Sverre"]
[Result "1-0"]
[WhiteElo "1166"]
[BlackElo "965"]
[PlyCount "65"]
[EventDate "2016.04.22"]
[EventType "swiss"]
[EventRounds "6"]
[EventCountry "NOR"]
[SourceTitle "EXT 2024"]
[Source "ChessBase"]
[SourceDate "2023.10.10"]
[SourceVersion "1"]
[SourceVersionDate "2023.10.10"]
[SourceQuality "1"]

1. e4 e5 2. Nf3 Nf6 3. Nxe5 d6 4. Nf3 Nxe4 5. Nc3 Nxc3 6. dxc3 Be7 7. Bf4 Be6 8. Bd3 0-0 9. Qd2 h6 10. h4 Nc6 11. 0-0-0 Bg4 12. Rdg1 Re8 13. Nh2 Be6 14. f3 Ne5 15. Be2 Kh7 16. g4 Bxh4 17. Nf1 g5 18. Bg3 Bxg3 19. Rxg3 Kg7 20. Rgh3 Rh8 21. Ng3 f6 22. Nh5+ Kf7 23. Bd3 Bd5 24. Bg6+ Kxg6 25. Qxd5 c6 26. Qe4+ Kf7 27. Ng3 d5 28. Qf5 Qe7 29. Rxh6 Rxh6 30. Rxh6 Rg8 31. Nh5 Ke8 32. Qc8+ Qd8 33. Nxf6+ 1-0